Music Quiz

Random Music or Lyrics Quiz

Figure Out The Lyrics Quiz Stats

Quiz not verified by Sporcle

Challenge
Share
Tweet
Embed
Score 0/174 Timer 07:00
0 Plays Today
Answer % Correct
the
95.7%
the
95.7%
the
95.7%
the
95.7%
It
95.7%
the
95.7%
the
95.7%
the
95.7%
the
95.7%
the
95.7%
the
95.7%
It
95.7%
the
95.7%
the
95.7%
the
95.7%
in
91.3%
in
91.3%
in
91.3%
in
91.3%
in
91.3%
in
91.3%
in
91.3%
were
89.1%
he
87%
on
87%
on
87%
on
87%
on
87%
to
87%
to
87%
to
87%
to
87%
on
87%
on
87%
on
87%
on
87%
to
87%
on
87%
to
87%
and
84.8%
and
84.8%
and
84.8%
and
84.8%
and
84.8%
and
84.8%
and
84.8%
and
84.8%
and
84.8%
and
84.8%
she
80.4%
Just
76.1%
Just
76.1%
For
76.1%
they
76.1%
can
76.1%
just
76.1%
just
76.1%
just
76.1%
Answer % Correct
that
76.1%
of
73.9%
up
73.9%
up
73.9%
goes
71.7%
goes
71.7%
Don't
69.6%
Don't
69.6%
down
67.4%
down
67.4%
my
65.2%
Some
65.2%
will
65.2%
Some
65.2%
will
65.2%
Some
65.2%
a
60.9%
a
60.9%
goin'
60.9%
a
60.9%
goin'
60.9%
A
60.9%
a
60.9%
a
60.9%
a
60.9%
girl
58.7%
livin'
58.7%
boy
58.7%
night
58.7%
night
58.7%
livin'
58.7%
night
58.7%
one
58.7%
night
58.7%
livin'
58.7%
night
58.7%
lonely
56.5%
world
56.5%
born
56.5%
time
56.5%
born
56.5%
small
54.3%
town
54.3%
took
52.2%
midnight
52.2%
train
52.2%
anywhere
52.2%
city
52.2%
raised
52.2%
Detroit
52.2%
took
52.2%
midnight
52.2%
train
52.2%
anywhere
52.2%
their
52.2%
people
52.2%
sing
52.2%
Their
52.2%
Answer % Correct
people
52.2%
stop
52.2%
people
52.2%
stop
52.2%
south
50%
Strangers
50%
blues
50%
never
50%
Strangers
50%
boulevard
47.8%
more
47.8%
Oh
47.8%
boulevard
47.8%
room
45.7%
shadows
45.7%
get
45.7%
win
45.7%
lose
45.7%
shadows
45.7%
Hold
45.7%
smoky
43.5%
waiting
43.5%
searching
43.5%
waiting
43.5%
searching
43.5%
believin'
43.5%
believin'
43.5%
smell
41.3%
wine
41.3%
cheap
41.3%
perfume
41.3%
Streetlight
41.3%
somewhere
41.3%
Streetlight
41.3%
somewhere
41.3%
feelin'
41.3%
Streetlight
41.3%
ends
39.1%
share
37%
find
37%
emotion
37%
find
37%
emotion
37%
singer
32.6%
smile
32.6%
movie
30.4%
hidin'
28.3%
wants
28.3%
Hidin'
28.3%
Everybody
26.1%
thrill
26.1%
anything
26.1%
roll
26.1%
dice
26.1%
Workin'
23.9%
hard
23.9%
fill
21.7%
payin'
17.4%

You're not logged in!

Compare scores with friends on all Sporcle quizzes.
Sign Up with Email
OR
Log In

You Might Also Like...

Show Comments

Extras

Top Quizzes Today


Score Distribution

Your Account Isn't Verified!

In order to create a playlist on Sporcle, you need to verify the email address you used during registration. Go to your Sporcle Settings to finish the process.

Report this User

Report this user for behavior that violates our Community Guidelines.

Details: